000 00636nai a2200181Ia 4500
003 IN-BaIIA
008 211028c9999 xx s 000 0 eng d
022 _a1552-4868 (Print)
022 _a1552-4876 (Online)
040 _cIIA Library
245 0 _aAmerican Journal Of Medical Genetics Part C: Seminars in Medical Genetics
_h[eJournal]
260 _aNew Jersey
_bJohn Wiley & Sons
310 _aQuarterly
362 _a117C(1); 2003 - Present
521 _bSubscribed through National Knowledge Resource Consortium (NKRC)
856 _uhttps://onlinelibrary.wiley.com/journal/15524876
_yClick Here to Access eJournal
942 _cEJ
999 _c33983
_d33983